000 01837nam a2200289Ia 4500
999 _c36875
_d36875
001 2825
003 GE_BSU
005 20190610182354.0
008 181216s2011||||ge |||||||||||||| ||geo||
020 _a978994103553
040 _cGE_BSU
041 _ageo
080 _a81'374.26:669=353.1=161.1=162.2=111=112.1=133.1 მ-59
245 _aმეტალურგიული ტერმინების ლექსიკონი :
_bტ. 1 : [ა - რ]. (ქართულ-რუსულ-უკრაინულ-ინგლისურ-გერმანულ-ფრანგული) : 2 ტომად /
_cსაქ. მეცნ. ეროვნ. აკად., რუსეთის მეცნ. აკად., უკრაინის მეცნ. ეროვნ. აკად., რუსეთის საბუნებისმეტყვ. მეცნ. აკად., სტუ ; მთ. რედ. გ. ქაშაკაშვილი.
264 _aთბილისი :
_bგამ-ბა სტ. "ფორმა",
_c2011.
300 _a904 გვ.
_b30 სმ.
653 _aლექსიკონი
700 _aქაშაკაშვილი, გ.
_eრედაქტორი
_92334
700 _a ბერიძე, მ.
_eრედაქტორი
_92335
700 _aგაგნიძე, ა.
_eრედაქტორი
_92336
700 _aგლადუში, ვ.
_eრედაქტორი
_92337
700 _aგობეჩია, ე.
_eრედაქტორი
_92338
700 _aგონაშვილი, ო.
_eრედაქტორი
_92339
700 _aგრინიოვი, ა.
_eრედაქტორი
_92340
710 _aდერმენტლი, ფ. და სხვ.
_bრედაქტორი
_92341
942 _cBK
_2udc